مبادئ الإدارة الحديثة / (رقم التسجيلة. 61204)

تفاصيل مارك
000 -LEADER
fixed length control field 00446nam a22001577a 4500
005 - DATE AND TIME OF LATEST TRANSACTION
control field 20251108171733.0
008 - FIXED-LENGTH DATA ELEMENTS--GENERAL INFORMATION
fixed length control field 250721s1991 xx 000 0 ara d
082 14 - DEWEY DECIMAL CLASSIFICATION NUMBER
Classification number 658/مبا
100 1# - MAIN ENTRY--PERSONAL NAME
Personal name سعيد، عمر
245 10 - TITLE STATEMENT
Title مبادئ الإدارة الحديثة /
264 1# - PRODUCTION, PUBLICATION, DISTRIBUTION, MANUFACTURE, AND COPYRIGHT NOTICE
Place of production, publication, distribution, manufacture عمان :
Name of producer, publisher, distributor, manufacturer مكتبة دار الثقافة،
Date of production, publication, distribution, manufacture, or copyright notice 1991.
300 ## - PHYSICAL DESCRIPTION
Extent 160ص
650 17 - SUBJECT ADDED ENTRY--TOPICAL TERM
Topical term or geographic name as entry element الإدارة و التنظيم
942 ## - ADDED ENTRY ELEMENTS (KOHA)
Source of classification or shelving scheme Dewey Decimal Classification
Koha item type كتب
المقتنيات
حالة السحب حالة الفقدان مصدر التصنيف حالة التلف غير قابل للإعارة المكتبة الرئيسية المكتبة الحالية موقع الرف تاريخ التزويد الرقم المتسلسل Total Checkouts رقم الإستدعاء تاريخ آخر ظهور تاريخ الفاتورة نوع المادة (كوها) الباركود
    Dewey Decimal Classification Unchecked   مكتبة أم قصير والمقابلين العامة مكتبة أم قصير والمقابلين العامة الإعارة 06/07/2004 168   658/مبا 28/07/2025 06/07/2004 كتب  
    Dewey Decimal Classification Unchecked   مكتبة أم قصير والمقابلين العامة مكتبة أم قصير والمقابلين العامة الإعارة 06/07/2004 0278   658/مبا 28/07/2025 06/07/2004 كتب  
    Dewey Decimal Classification Unchecked   مكتبة الاميرة بديعة مكتبة الاميرة بديعة الإعارة 06/07/2004 2614   658/مبا 28/07/2025 06/07/2004 كتب  
    Dewey Decimal Classification Unchecked   مكتبة الحسن العامة مكتبة الحسن العامة الإعارة 06/07/2004 6246   658/مبا 28/07/2025 06/07/2004 كتب  
    Dewey Decimal Classification     مكتبة النصر العامة مكتبة النصر العامة الإعارة 16/02/2015 (4377)   658/مبا 28/07/2025 16/02/2015 كتب PLD00316695
    Dewey Decimal Classification     مكتبة وادي السير العامة مكتبة وادي السير العامة الإعارة 09/02/2016 [2433].   658/مبا 28/07/2025 09/02/2016 كتب PLD00372728
Implemented & Customized by: BBB with SCIT (Smart Chains for Information Technology)

Powered by Koha